[Event "BEL-chT 1617"]
[Site "Belgium"]
[Date "2017.01.29"]
[Round "6.7"]
[White "Gryson, Wouter"]
[Black "Bruno, Ricardo"]
[Result "1-0"]
[WhiteElo "2212"]
[BlackElo "2013"]
[PlyCount "75"]
[EventDate "2016.10.02"]
[EventType "team-tourn"]
[EventRounds "11"]
[EventCountry "BEL"]
[SourceTitle "EXT 2018"]
[Source "ChessBase"]
[SourceDate "2017.10.13"]
[SourceVersion "1"]
[SourceVersionDate "2017.10.13"]
[SourceQuality "1"]
[WhiteTeam "KBSK Brugge"]
[BlackTeam "Charleroi CREC"]
[WhiteTeamCountry "BEL"]
[BlackTeamCountry "BEL"]

1. d4 Nf6 2. Nf3 g6 3. c4 Bg7 4. Nc3 0-0 5. Bf4 d6 6. e3 Bg4 7. Be2 Nc6 8. 0-0 h6 9. h3 Bxf3 10. Bxf3 Nd7 11. Bh2 e5 12. Bxc6 bxc6 13. Qd2 c5 14. dxc5 Nxc5 15. b4 Ne6 16. Rac1 Qh4 17. Nd5 c6 18. Bg3 Qd8 19. Nc3 Qe7 20. Rfd1 Rfd8 21. b5 cxb5 22. cxb5 Qb7 23. Qd5 Nc5 24. f3 Qb6 25. Bh4 g5 26. Bf2 Ne6 27. e4 Qa5 28. Qb3 Nf4 29. Kh2 Rac8 30. b6 Rb8 31. Nd5 Nxd5 32. Rxd5 Qa6 33. Rc7 Rf8 34. Rxa7 Qe2 35. Qe3 Qf1 36. Rxd6 Rfc8 37. Rc7 Ra8 38. a3 1-0

[Event "BEL-chT 1617"]
[Site "Belgium"]
[Date "2016.11.06"]
[Round "3.7"]
[White "Litwak, Aleksej"]
[Black "Gryson, Wouter"]
[Result "1-0"]
[WhiteElo "2301"]
[BlackElo "2212"]
[PlyCount "57"]
[EventDate "2016.10.02"]
[EventType "team-tourn"]
[EventRounds "11"]
[EventCountry "BEL"]
[SourceTitle "CBM 175 Extra"]
[Source "ChessBase"]
[SourceDate "2016.12.12"]
[SourceVersion "1"]
[SourceVersionDate "2016.12.12"]
[SourceQuality "1"]
[WhiteTeam "Eynatten"]
[BlackTeam "KBSK Brugge"]
[WhiteTeamCountry "BEL"]
[BlackTeamCountry "BEL"]

1. e4 g6 2. d4 Bg7 3. Nc3 d6 4. Nf3 c6 5. Be3 b5 6. Bd3 Bg4 7. h3 Bxf3 8. Qxf3 Nd7 9. 0-0 e5 10. d5 cxd5 11. Nxd5 Qb8 12. Bxb5 Qb7 13. c4 f6 14. Qg4 0-0-0 15. Nb4 f5 16. exf5 Ngf6 17. Qe2 Nb8 18. c5 Qe4 19. Ba6+ Kd7 20. Qb5+ Ke7 21. cxd6+ Kf8 22. Bxa7 Nxa6 23. Nxa6 Qxf5 24. Bb6 Rd7 25. Rac1 Ne8 26. Nb8 Rxd6 27. Bc5 Bf6 28. Bxd6+ Nxd6 29. Qd7 1-0

[Event "BEL-chT 1516"]
[Site "Belgium"]
[Date "2016.03.20"]
[Round "9.7"]
[White "Gryson, Wouter"]
[Black "De Gueldre, Philippe"]
[Result "1/2-1/2"]
[WhiteElo "2286"]
[BlackElo "2171"]
[PlyCount "93"]
[EventDate "2015.09.27"]
[EventType "team-tourn"]
[EventRounds "11"]
[EventCountry "BEL"]
[SourceTitle "EXT 2017"]
[Source "ChessBase"]
[SourceDate "2016.10.25"]
[SourceVersion "1"]
[SourceVersionDate "2016.10.25"]
[SourceQuality "1"]
[WhiteTeam "KBSK Brugge"]
[BlackTeam "Liege Crelel"]
[WhiteTeamCountry "BEL"]
[BlackTeamCountry "BEL"]

1. d4 d5 2. Nf3 e6 3. Bf4 c5 4. e3 Nc6 5. Be2 Bd6 6. Bxd6 Qxd6 7. 0-0 Nf6 8. Nbd2 0-0 9. dxc5 Qxc5 10. c4 Rd8 11. Qc2 e5 12. Nb3 Qe7 13. cxd5 Nxd5 14. Rfd1 Be6 15. Qc5 Qf6 16. Qb5 a6 17. Qxb7 Ncb4 18. Rxd5 Nxd5 19. Rd1 Rdb8 20. Qc6 Nb4 21. Qe4 Nxa2 22. Nc5 Bf5 23. Qxe5 Qxe5 24. Nxe5 Rxb2 25. Bf3 Rc8 26. g4 Bg6 27. Bb7 Rb8 28. Rd7 Rb1+ 29. Kg2 R1xb7 30. Nxb7 Be4+ 31. f3 Bxb7 32. Rxf7 Re8 33. Rxb7 Rxe5 34. e4 a5 35. Ra7 Nc3 36. Kf2 Rc5 37. Ke3 a4 38. Kd3 h6 39. f4 Rc6 40. f5 Nd1 41. Kd4 Nb2 42. Kd5 Rc2 43. e5 Rd2+ 44. Ke6 Re2 45. f6 gxf6 46. Kxf6 Nd3 47. Ra8+ 1/2-1/2

[Event "BEL-chT 1516"]
[Site "Belgium"]
[Date "2016.01.31"]
[Round "6.7"]
[White "Dambiermont, Marc"]
[Black "Gryson, Wouter"]
[Result "0-1"]
[WhiteElo "1890"]
[BlackElo "2286"]
[PlyCount "50"]
[EventDate "2015.09.27"]
[EventType "team-tourn"]
[EventRounds "11"]
[EventCountry "BEL"]
[SourceTitle "CBM 170 Extra"]
[Source "ChessBase"]
[SourceDate "2016.02.25"]
[SourceVersion "1"]
[SourceVersionDate "2016.02.25"]
[SourceQuality "1"]
[WhiteTeam "Amay"]
[BlackTeam "KBSK Brugge"]
[WhiteTeamCountry "BEL"]
[BlackTeamCountry "BEL"]

1. d4 Nf6 2. Nf3 c5 3. c3 g6 4. Bf4 Nh5 5. Be5 f6 6. Bg3 Bg7 7. e3 0-0 8. Nbd2 cxd4 9. cxd4 Nc6 10. Be2 f5 11. Ne5 f4 12. Bxh5 Nxe5 13. dxe5 fxg3 14. hxg3 gxh5 15. Qxh5 h6 16. f4 d6 17. Nf3 Qb6 18. 0-0 dxe5 19. fxe5 Qxe3+ 20. Kh2 Qe4 21. Ng5 hxg5 22. Rxf8+ Bxf8 23. Rf1 Be6 24. Qxg5+ Bg7 25. Qxe7 Qxe5 0-1

[Event "BEL-chT 1516"]
[Site "Belgium"]
[Date "2015.11.22"]
[Round "4.8"]
[White "Gryson, Wouter"]
[Black "Deberdt, Joris"]
[Result "0-1"]
[WhiteElo "2286"]
[BlackElo "2054"]
[PlyCount "80"]
[EventDate "2015.09.27"]
[EventType "team-tourn"]
[EventRounds "11"]
[EventCountry "BEL"]
[SourceTitle "EXT 2017"]
[Source "ChessBase"]
[SourceDate "2016.10.25"]
[SourceVersion "1"]
[SourceVersionDate "2016.10.25"]
[SourceQuality "1"]
[WhiteTeam "KBSK Brugge"]
[BlackTeam "Jean Jaures"]
[WhiteTeamCountry "BEL"]
[BlackTeamCountry "BEL"]

1. d4 Nf6 2. Nf3 e6 3. e3 c5 4. Bd3 d5 5. b3 Be7 6. 0-0 0-0 7. Bb2 b6 8. Ne5 Bb7 9. Nd2 Nbd7 10. Qe2 Ne4 11. a4 f6 12. Nxd7 Qxd7 13. a5 Qc7 14. Bxe4 dxe4 15. dxc5 Bxc5 16. axb6 axb6 17. c4 Bd6 18. g3 Be5 19. Rxa8 Rxa8 20. Nb1 Rd8 21. Bxe5 Qxe5 22. Rd1 Rd3 23. h4 h6 24. Nd2 Qb2 25. Kf1 Qc2 26. Ke1 Qc3 27. Qh5 Bc6 28. Qg4 Qe5 29. Qg6 f5 30. g4 Rd6 31. Ke2 f4 32. Nb1 Qb2+ 33. Nd2 fxe3 34. fxe3 Qc2 35. g5 Qd3+ 36. Kf2 e5 37. Qf5 Bd7 38. Qxe5 Bg4 39. Ra1 Qxd2+ 40. Kg3 Qxe3+ 0-1

[Event "BEL-chT 1415"]
[Site "Belgium"]
[Date "2014.11.30"]
[Round "5.6"]
[White "Gryson, Wouter"]
[Black "Henris, Luc"]
[Result "1/2-1/2"]
[WhiteElo "2277"]
[BlackElo "2155"]
[PlyCount "101"]
[EventDate "2014.09.28"]
[EventType "team-swiss"]
[EventRounds "11"]
[EventCountry "BEL"]
[SourceTitle "EXT 2016"]
[Source "ChessBase"]
[SourceDate "2015.10.08"]
[SourceVersion "1"]
[SourceVersionDate "2015.10.08"]
[SourceQuality "1"]
[WhiteTeam "KBSK Brugge"]
[BlackTeam "Namur"]
[WhiteTeamCountry "BEL"]
[BlackTeamCountry "BEL"]

1. d4 d5 2. Nf3 Nc6 3. e3 Bg4 4. Bb5 e6 5. Nbd2 a6 6. Bxc6+ bxc6 7. c4 Ne7 8. Qa4 Bxf3 9. Nxf3 g6 10. Bd2 Bg7 11. 0-0 Qd7 12. Rfc1 Nc8 13. cxd5 cxd5 14. Qa5 Ra7 15. Bb4 Nd6 16. Ne5 Bxe5 17. dxe5 Nc4 18. Qc5 Rb7 19. Rxc4 dxc4 20. Ba3 Rb5 21. Qxc4 c5 22. Bxc5 Qd5 23. Qxd5 exd5 24. Bd4 Rg8 25. Kf1 Kd7 26. Ke2 Rc8 27. Kd3 Ke6 28. g4 Rb4 29. Rg1 Rbc4 30. Bc3 a5 31. Rg3 a4 32. a3 Rh8 33. Rf3 Rxg4 34. Rf6+ Ke7 35. Ra6 Rb8 36. f4 Rg2 37. Rxa4 Rxh2 38. Bb4+ Ke8 39. Kc3 Re2 40. Ra7 Rxe3+ 41. Kd4 Re4+ 42. Kxd5 Rexb4 43. axb4 Rxb4 44. e6 fxe6+ 45. Kxe6 Rb6+ 46. Ke5 Rxb2 47. Rxh7 Rb6 48. Ke4 Kf8 49. Kf3 Kg8 50. Rc7 Rf6 51. Kg4 1/2-1/2

[Event "BEL-chT 1415"]
[Site "Belgium"]
[Date "2014.11.16"]
[Round "4.8"]
[White "Winterberg, Lukas"]
[Black "Gryson, Wouter"]
[Result "0-1"]
[WhiteElo "2282"]
[BlackElo "2277"]
[PlyCount "96"]
[EventDate "2014.09.28"]
[EventType "team-swiss"]
[EventRounds "11"]
[EventCountry "BEL"]
[SourceTitle "EXT 2015"]
[Source "ChessBase"]
[SourceDate "2014.11.20"]
[SourceVersion "1"]
[SourceVersionDate "2014.11.20"]
[SourceQuality "1"]
[WhiteTeam "Wirtzfeld"]
[BlackTeam "KBSK Brugge"]
[WhiteTeamCountry "BEL"]
[BlackTeamCountry "BEL"]

1. d4 g6 2. c4 Bg7 3. Nc3 c5 4. d5 Bxc3+ 5. bxc3 e5 6. Qa4 Kf8 7. e4 d6 8. Bd3 Nd7 9. Ne2 Qh4 10. 0-0 Ngf6 11. f3 Nh5 12. Bh6+ Ke7 13. Be3 Nf4 14. g3 Nxe2+ 15. Bxe2 Qh3 16. Rf2 f6 17. f4 exf4 18. Bxf4 g5 19. Be3 Rf8 20. Raf1 h6 21. Qd1 Ne5 22. Rf5 Bxf5 23. Rxf5 h5 24. Bf1 Qg4 25. Qc2 Nf3+ 26. Kh1 Nxh2 27. Kxh2 h4 28. Qf2 Qxe4 29. g4 Rae8 30. Bg2 Qxc4 31. Bf1 Qxg4 32. Bb5 Rb8 33. Be2 Qe4 34. Qf3 Qc2 35. Bf2 Rf7 36. Bd3 Qxc3 37. Kh3 b5 38. Qe2+ Kf8 39. Rf3 Qb4 40. Qd1 g4+ 41. Kh2 gxf3 42. Qxf3 Qd2 43. Kh3 Qc3 44. Be3 Re8 45. Bf4 c4 46. Bxd6+ Ree7 47. Bxe7+ Rxe7 48. Qxf6+ Qxf6 0-1

[Event "BEL-chT 1314"]
[Site "Belgium"]
[Date "2014.02.23"]
[Round "10.6"]
[White "Boidman, Yuri"]
[Black "Gryson, Wouter"]
[Result "1-0"]
[WhiteElo "2398"]
[BlackElo "2287"]
[PlyCount "105"]
[EventDate "2013.09.22"]
[EventType "team-tourn"]
[EventRounds "11"]
[EventCountry "BEL"]
[SourceTitle "EXT 2015"]
[Source "ChessBase"]
[SourceDate "2014.11.20"]
[SourceVersion "1"]
[SourceVersionDate "2014.11.20"]
[SourceQuality "1"]
[WhiteTeam "Wirtzfeld"]
[BlackTeam "KBSK Brugge"]
[WhiteTeamCountry "BEL"]
[BlackTeamCountry "BEL"]

1. e4 g6 2. d4 Bg7 3. Nc3 d6 4. g3 Nc6 5. Be3 e5 6. dxe5 Nxe5 7. f4 Bg4 8. Qc1 Nf3+ 9. Nxf3 Bxf3 10. Bb5+ c6 11. 0-0 cxb5 12. Rxf3 Nf6 13. e5 Ng4 14. Nxb5 0-0 15. Nxd6 Bxe5 16. h3 Qxd6 17. hxg4 Bg7 18. c3 Rfe8 19. Qd2 Qe6 20. g5 Rad8 21. Qf2 b6 22. a3 Qb3 23. f5 Rd3 24. fxg6 hxg6 25. Rf1 Re7 26. Bf4 Rxf3 27. Qxf3 Qxb2 28. Bd6 Rd7 29. Qa8+ Kh7 30. Qh1+ Kg8 31. Qa8+ Kh7 32. Qc6 Rxd6 33. Qxd6 Qxc3 34. Rxf7 Qe3+ 35. Kg2 Qe2+ 36. Rf2 Qe4+ 37. Kh2 Qe3 38. Kg2 Qxg5 39. Rf4 b5 40. Rh4+ Bh6 41. Qd7+ Kg8 42. Rf4 Qe5 43. Qc8+ Kh7 44. Qb7+ Bg7 45. Qxa7 g5 46. Rf2 Qd5+ 47. Kh2 Kg6 48. Qe7 Qc6 49. Qf7+ Kh6 50. Re2 Kh7 51. Qf5+ Qg6 52. Qxb5 g4 53. Qd5 1-0

[Event "BEL-chT 1314"]
[Site "Belgium"]
[Date "2013.12.01"]
[Round "5.6"]
[White "Gryson, Wouter"]
[Black "Van Oosterom, Chiel"]
[Result "1-0"]
[WhiteElo "2287"]
[BlackElo "2380"]
[PlyCount "201"]
[EventDate "2013.09.22"]
[EventType "team-tourn"]
[EventRounds "11"]
[EventCountry "BEL"]
[SourceTitle "EXT 2015"]
[Source "ChessBase"]
[SourceDate "2014.11.20"]
[SourceVersion "1"]
[SourceVersionDate "2014.11.20"]
[SourceQuality "1"]
[WhiteTeam "KBSK Brugge"]
[BlackTeam "KGSRL"]
[WhiteTeamCountry "BEL"]
[BlackTeamCountry "BEL"]

1. c4 f5 2. g3 Nf6 3. Bg2 g6 4. d3 Bg7 5. e4 fxe4 6. dxe4 d6 7. Nc3 0-0 8. Nge2 c5 9. 0-0 Nc6 10. Bg5 h6 11. Bd2 e5 12. Nd5 Be6 13. Nec3 Qd7 14. a3 Nd4 15. Be3 Nh7 16. b4 Rf7 17. Ra2 Raf8 18. Qa4 Qxa4 19. Nxa4 b6 20. Nac3 Bg4 21. Bxd4 exd4 22. Nb5 Rd8 23. f4 Be6 24. Nbc7 Rxc7 25. Nxc7 Bxc4 26. Rc2 Bxf1 27. Bxf1 Nf8 28. Ba6 Bf6 29. Kf2 Rd7 30. Nd5 Kg7 31. Ke2 Rf7 32. Bc8 Bd8 33. e5 dxe5 34. fxe5 Nh7 35. bxc5 bxc5 36. Rxc5 Ng5 37. Rc6 Rf3 38. Nf4 Re3+ 39. Kd1 Rxe5 40. h4 Nf7 41. Rxg6+ Kf8 42. Ra6 Re3 43. Ne6+ Kg8 44. Nxd8 Nxd8 45. g4 Rd3+ 46. Ke2 Rc3 47. Bd7 Nb7 48. Rxa7 Nc5 49. Bf5 Rh3 50. Rc7 d3+ 51. Kd1 Rh1+ 52. Kd2 Rh2+ 53. Ke3 Rh3+ 54. Kf2 d2 55. Ke2 Rh2+ 56. Kd1 Na4 57. Rc2 Rxh4 58. Rxd2 Rh3 59. Rd6 Kg7 60. Rg6+ Kf7 61. Ra6 Nc5 62. Rc6 Na4 63. Ke1 Kf8 64. Bc2 Rxa3 65. Ra6 Re3+ 66. Kf2 Nc5 67. Rxh6 Re6 68. Rh7 Ne4+ 69. Kg1 Nf6 70. Rh4 Rc6 71. Bf5 Nxg4 72. Rxg4 Ke7 73. Be4 Rc5 74. Kf2 Kd6 75. Ke3 Rc3+ 76. Kd4 Rc1 77. Rg6+ Ke7 78. Ke5 Re1 79. Rg7+ Kf8 80. Ra7 Ke8 81. Kd5 Re2 82. Bf3 Re7 83. Bh5+ Kf8 84. Ra6 Re1 85. Rg6 Rh1 86. Bg4 Kf7 87. Ra6 Re1 88. Be6+ Kg7 89. Bf5 Kf7 90. Be4 Ke7 91. Ke5 Ke8 92. Ra7 Re2 93. Kd5 Kf8 94. Rh7 Re1 95. Rh4 Ke7 96. Rf4 Re2 97. Rf5 Re1 98. Re5+ Kf6 99. Re6+ Kg5 100. Ke5 Kh4 101. Kf4 1-0

[Event "Cappelle op 29th"]
[Site "Cappelle la Grande"]
[Date "2013.02.26"]
[Round "5"]
[White "Gryson, Wouter"]
[Black "Bruno, Fabio"]
[Result "1/2-1/2"]
[WhiteElo "2243"]
[BlackElo "2440"]
[PlyCount "105"]
[EventDate "2013.02.23"]
[EventType "swiss"]
[EventRounds "9"]
[EventCountry "FRA"]
[SourceTitle "CBM 153 Extra"]
[Source "ChessBase"]
[SourceDate "2013.04.22"]
[SourceVersion "1"]
[SourceVersionDate "2013.04.22"]
[SourceQuality "1"]

1. c4 e6 2. g3 d5 3. Bg2 Nf6 4. Nf3 Be7 5. 0-0 0-0 6. b3 c5 7. Bb2 Nc6 8. e3 a6 9. Qe2 b5 10. cxd5 Nxd5 11. Nc3 Bb7 12. Nxd5 Qxd5 13. Rfd1 Rfd8 14. d3 Rac8 15. Rac1 a5 16. Ba1 Bf8 17. Qb2 Qh5 18. Ne5 f6 19. Nxc6 Bxc6 20. Bxc6 Rxc6 21. a4 b4 22. Qc2 Rcd6 23. Rd2 Qf5 24. Rcd1 h5 25. h4 R6d7 26. Qc4 Kf7 27. Kg2 Qd5+ 28. Qxd5 exd5 29. Kf3 Ke6 30. Rc2 Rc8 31. Rdc1 Rdc7 32. e4 f5 33. exd5+ Kxd5 34. Re1 Bd6 35. Rce2 g6 36. Re6 Rg8 37. Rf6 Re7 38. Rxe7 Bxe7 39. Rb6 Bd6 40. Rb5 Ra8 41. d4 Re8 42. Rxa5 Re1 43. dxc5 Bc7 44. Ra7 Kc6 45. Bd4 Rb1 46. a5 Rxb3+ 47. Ke2 Ra3 48. a6 b3 49. Rb7 Kd5 50. Bf6 Kc6 51. Bd4 Kd5 52. Be3 Kc6 53. Bd4 1/2-1/2

[Event "Cappelle op 29th"]
[Site "Cappelle la Grande"]
[Date "2013.02.24"]
[Round "2"]
[White "Pedersen, Nicolai Vesterbaek"]
[Black "Gryson, Wouter"]
[Result "1-0"]
[WhiteElo "2443"]
[BlackElo "2243"]
[PlyCount "115"]
[EventDate "2013.02.23"]
[EventType "swiss"]
[EventRounds "9"]
[EventCountry "FRA"]
[SourceTitle "CBM 153 Extra"]
[Source "ChessBase"]
[SourceDate "2013.04.22"]
[SourceVersion "1"]
[SourceVersionDate "2013.04.22"]
[SourceQuality "1"]

1. d4 Nf6 2. c4 g6 3. Nc3 Bg7 4. e4 d6 5. Be2 0-0 6. Bg5 Na6 7. f4 c5 8. d5 Qb6 9. Qd2 e6 10. Rb1 Nc7 11. dxe6 Nxe6 12. Bxf6 Bxf6 13. Nd5 Qd8 14. Nf3 Bg7 15. 0-0 Nd4 16. Bd3 Be6 17. Ne3 b5 18. b3 bxc4 19. bxc4 Rb8 20. Rxb8 Qxb8 21. f5 Bd7 22. Nd5 Nxf3+ 23. Rxf3 Qb2 24. Qg5 Qa1+ 25. Bf1 Qe5 26. Qe7 Qxe7 27. Nxe7+ Kh8 28. f6 Bh6 29. Ra3 Be6 30. Kf2 Bg5 31. Nd5 Ra8 32. Ra6 Bxd5 33. cxd5 Bxf6 34. Rxd6 Bd4+ 35. Kf3 Rb8 36. Ra6 Rb2 37. Be2 Rb7 38. Rc6 Kg7 39. Bc4 Be5 40. Rxc5 Rc7 41. Rc6 Rxc6 42. dxc6 Kf8 43. h3 Ke7 44. Bd5 h5 45. h4 Bc7 46. Ke3 Be5 47. Kd3 f6 48. Kc4 Kd6 49. Kb5 g5 50. Ka6 Kc7 51. Kxa7 Bg3 52. hxg5 fxg5 53. Ka6 Be5 54. Kb5 g4 55. Be6 Bf4 56. a4 Bd2 57. Bd7 Be3 58. a5 1-0

[Event "BEL-chT 1112"]
[Site "Belgium"]
[Date "2012.01.15"]
[Round "6.7"]
[White "Goormachtigh, Johan"]
[Black "Gryson, Wouter"]
[Result "0-1"]
[WhiteElo "2212"]
[BlackElo "2242"]
[PlyCount "88"]
[EventDate "2011.10.09"]
[EventType "team-tourn"]
[EventRounds "11"]
[EventCountry "BEL"]
[SourceTitle "EXT 2013"]
[Source "ChessBase"]
[SourceDate "2012.11.22"]
[SourceVersion "1"]
[SourceVersionDate "2012.11.22"]
[SourceQuality "1"]
[WhiteTeam "Gand"]
[BlackTeam "Bruges"]
[WhiteTeamCountry "BEL"]
[BlackTeamCountry "BEL"]

1. d4 g6 2. c4 Bg7 3. e4 c5 4. d5 d6 5. Bd3 e5 6. Nc3 Ne7 7. f4 0-0 8. Nf3 Bg4 9. fxe5 Bxe5 10. Bh6 Re8 11. 0-0 Nd7 12. Qd2 Bxf3 13. Rxf3 Bd4+ 14. Kh1 Ne5 15. Rg3 Qd7 16. Nb5 Nxd3 17. Nxd4 Ne5 18. Qf4 f6 19. Ne6 N7c6 20. Qxf6 Nd4 21. Nxd4 cxd4 22. Rf1 Qf7 23. Kg1 Qxf6 24. Rxf6 Nf7 25. Bf4 Rxe4 26. Bxd6 Re1+ 27. Kf2 Rae8 28. Rgf3 R8e2+ 29. Kg3 Ng5 30. Rf8+ Kg7 31. R3f4 Ne4+ 32. Rxe4 Rxe4 33. Rf3 Re8 34. Bc5 R1e4 35. d6 Rd8 36. Rd3 Kf7 37. Rxd4 Rxd4 38. Bxd4 Rxd6 39. Bxa7 Rd3+ 40. Kf4 Rd2 41. b4 Rxa2 42. Bd4 Rxg2 43. Ke5 Rxh2 44. b5 Ke7 0-1

[Event "Condom op-A 10th"]
[Site "Condom"]
[Date "2011.07.12"]
[Round "5"]
[White "Gryson, Wouter"]
[Black "Duff, Rufus"]
[Result "1/2-1/2"]
[WhiteElo "2249"]
[BlackElo "1973"]
[PlyCount "84"]
[EventDate "2011.07.09"]
[EventType "swiss"]
[EventRounds "9"]
[EventCountry "FRA"]
[SourceTitle "CBM 143 Extra"]
[Source "ChessBase"]
[SourceDate "2011.08.29"]
[SourceVersion "1"]
[SourceVersionDate "2011.08.29"]
[SourceQuality "1"]

1. d4 d5 2. Nf3 c6 3. e3 Nf6 4. c4 Bg4 5. h3 Bxf3 6. Qxf3 e6 7. Nc3 Nbd7 8. Bd3 Bd6 9. 0-0 0-0 10. b3 Qe7 11. Bb2 Rfe8 12. Qe2 e5 13. cxd5 cxd5 14. dxe5 Qxe5 15. g3 Qe6 16. Kg2 Ne4 17. Qg4 f5 18. Qf3 Ne5 19. Qe2 Kh8 20. Nb5 Rec8 21. Rac1 a6 22. Nxd6 Qxd6 23. f4 Nxd3 24. Qxd3 Qg6 25. g4 fxg4 26. h4 Qf5 27. Qd4 Nf6 28. Qe5 Qd3 29. Qd4 Rc2+ 30. Rxc2 Qxc2+ 31. Rf2 Qc6 32. Qc3 Re8 33. Qxc6 bxc6 34. Bd4 h5 35. Rc2 Rc8 36. b4 Ne4 37. a4 Nd6 38. Bc5 Nf5 39. Ba7 Ra8 40. Bb6 Rb8 41. Rxc6 Nxh4+ 42. Kf2 Nf5 1/2-1/2

[Event "Ghent VSF-chA"]
[Site "Ghent"]
[Date "2011.06.02"]
[Round "1"]
[White "Gryson, Wouter"]
[Black "D'Hooge, Frank"]
[Result "1-0"]
[WhiteElo "2236"]
[BlackElo "1984"]
[PlyCount "117"]
[EventDate "2011.06.02"]
[EventType "swiss"]
[EventRounds "7"]
[EventCountry "BEL"]
[SourceTitle "EXT 2012"]
[Source "ChessBase"]
[SourceDate "2011.11.24"]
[SourceVersion "1"]
[SourceVersionDate "2011.11.24"]
[SourceQuality "1"]

1. d4 Nf6 2. c4 e6 3. f3 d5 4. Nc3 c5 5. cxd5 Nxd5 6. e4 Nxc3 7. bxc3 cxd4 8. cxd4 Bb4+ 9. Kf2 0-0 10. Rb1 Bc5 11. Be3 Bb6 12. Bb5 Bd7 13. a4 Nc6 14. Ne2 Rc8 15. Qd2 Ba5 16. Qd1 a6 17. Bxc6 Bxc6 18. Qb3 b5 19. axb5 Bxb5 20. Rhc1 Qd7 21. Nf4 Rxc1 22. Rxc1 Rc8 23. Rxc8+ Qxc8 24. d5 Bc4 25. Qc2 Bb4 26. Nd3 a5 27. Nxb4 axb4 28. d6 Ba6 29. Qa4 b3 30. Qxb3 Qd7 31. Qb8+ Bc8 32. f4 f6 33. Qb6 Kf7 34. Kf3 Bb7 35. Qa7 Qc6 36. Qd4 Qd7 37. Kf2 Bc6 38. g4 Qe8 39. Bd2 Bd7 40. Qa7 Kg8 41. Bc3 h6 42. h3 Qf7 43. Kg3 Bc6 44. Qd4 Bd7 45. Qc5 Kh7 46. Kf3 Qe8 47. h4 Qc8 48. Qd4 Qf8 49. Kg3 Qf7 50. Qc5 Kg8 51. g5 hxg5 52. hxg5 e5 53. f5 fxg5 54. Qxe5 Bc6 55. Kg4 Kf8 56. Kxg5 Be8 57. Kf4 g5+ 58. Ke3 Qh7 59. Qf6+ 1-0

[Event "BEL-chT 1011"]
[Site "Belgium"]
[Date "2011.03.20"]
[Round "10.4"]
[White "Gryson, Wouter"]
[Black "Tan, Matthew"]
[Result "0-1"]
[WhiteElo "2244"]
[BlackElo "2381"]
[PlyCount "76"]
[EventDate "2010.09.26"]
[EventType "team-tourn"]
[EventRounds "11"]
[EventCountry "BEL"]
[SourceTitle "EXT 2012"]
[Source "ChessBase"]
[SourceDate "2011.11.24"]
[SourceVersion "1"]
[SourceVersionDate "2011.11.24"]
[SourceQuality "1"]
[WhiteTeam "KBSK Brugge"]
[BlackTeam "Amay"]
[WhiteTeamCountry "BEL"]
[BlackTeamCountry "BEL"]

1. d4 Nf6 2. Nf3 c5 3. e3 g6 4. dxc5 Qa5+ 5. Nc3 Bg7 6. Qd4 Nc6 7. Qc4 Ne4 8. Bd2 Nxd2 9. Nxd2 b5 10. Nxb5 Bxb2 11. Rb1 Bg7 12. Bd3 0-0 13. Ke2 Rb8 14. a4 a6 15. Nb3 Qd8 16. N5d4 Ne5 17. Qc3 Bb7 18. f3 Nxd3 19. cxd3 e5 20. Nc2 Qg5 21. Kf2 e4 22. d4 exf3 23. gxf3 Qh4+ 24. Ke2 Qh3 25. Rhf1 Qg2+ 26. Kd3 Bxf3 27. Rxf3 Qxf3 28. Qc4 d5 29. Qc3 Bh6 30. Re1 Rfe8 31. c6 Rbc8 32. Qc5 Re6 33. Na5 Rce8 34. c7 Bxe3 35. c8Q Bc1+ 36. Ne3 Rxe3+ 37. Rxe3 Qxe3+ 38. Kc2 Qd2+ 0-1

[Event "BEL-chT 1011"]
[Site "Belgium"]
[Date "2011.02.06"]
[Round "8.5"]
[White "Horvath, Tamas"]
[Black "Gryson, Wouter"]
[Result "0-1"]
[WhiteElo "2414"]
[BlackElo "2244"]
[PlyCount "64"]
[EventDate "2010.09.26"]
[EventType "team-tourn"]
[EventRounds "11"]
[EventCountry "BEL"]
[SourceTitle "EXT 2012"]
[Source "ChessBase"]
[SourceDate "2011.11.24"]
[SourceVersion "1"]
[SourceVersionDate "2011.11.24"]
[SourceQuality "1"]
[WhiteTeam "Eynatten"]
[BlackTeam "KBSK Brugge"]
[WhiteTeamCountry "BEL"]
[BlackTeamCountry "BEL"]

1. e4 g6 2. d4 Bg7 3. Nc3 d6 4. Bg5 a6 5. Nf3 Nd7 6. a4 b6 7. Bc4 h6 8. Bh4 Bb7 9. 0-0 g5 10. Bxg5 d5 11. Bxd5 Bxd5 12. Bxe7 Nxe7 13. Nxd5 0-0 14. Nf4 Ng6 15. Nh5 Nf6 16. Nxg7 Kxg7 17. Re1 Qd7 18. c4 Rfe8 19. e5 Nh7 20. Ra3 Rad8 21. Rae3 Ng5 22. Nxg5 hxg5 23. d5 Re7 24. e6 Rxe6 25. Rxe6 fxe6 26. Qg4 exd5 27. Qxg5 Re8 28. Rf1 d4 29. f4 Qe7 30. Qg4 Qe3+ 31. Kh1 Qxf4 32. Qd7+ Kh6 0-1

[Event "BEL-chT 1011"]
[Site "Belgium"]
[Date "2010.12.05"]
[Round "5.6"]
[White "Ahn, Martin"]
[Black "Gryson, Wouter"]
[Result "1-0"]
[WhiteElo "2345"]
[BlackElo "2244"]
[PlyCount "61"]
[EventDate "2010.09.26"]
[EventType "team-tourn"]
[EventRounds "11"]
[EventCountry "BEL"]
[SourceTitle "EXT 2012"]
[Source "ChessBase"]
[SourceDate "2011.11.24"]
[SourceVersion "1"]
[SourceVersionDate "2011.11.24"]
[SourceQuality "1"]
[WhiteTeam "Rochade"]
[BlackTeam "KBSK Brugge"]
[WhiteTeamCountry "BEL"]
[BlackTeamCountry "BEL"]

1. e4 g6 2. d4 Bg7 3. Nc3 d6 4. Be3 a6 5. Qd2 Nd7 6. h4 h5 7. Nh3 b5 8. Ng5 Bb7 9. 0-0-0 Rc8 10. f4 Nh6 11. e5 e6 12. Nce4 Nf5 13. Bf2 Nb6 14. Be2 Qe7 15. g4 hxg4 16. Bxg4 Nc4 17. Qe2 c5 18. dxc5 dxe5 19. b3 0-0 20. bxc4 exf4 21. h5 bxc4 22. h6 Be5 23. Nf3 Ba1 24. c3 Ne3 25. Bxe3 fxe3 26. Rd7 Bxe4 27. Rxe7 Rb8 28. Qxe3 Bd3 29. Qe5 f6 30. Qxe6+ Kh8 31. Rh7+ 1-0

[Event "Vlissingen HZ op 14th"]
[Site "Vlissingen"]
[Date "2010.08.14"]
[Round "9"]
[White "Gryson, Wouter"]
[Black "Roeder, Mathias"]
[Result "0-1"]
[WhiteElo "2223"]
[BlackElo "2392"]
[PlyCount "52"]
[EventDate "2010.08.07"]
[EventType "swiss"]
[EventRounds "9"]
[EventCountry "NED"]
[SourceTitle "CBM 137 Extra"]
[Source "ChessBase"]
[SourceDate "2010.09.01"]
[SourceVersion "1"]
[SourceVersionDate "2010.09.01"]
[SourceQuality "1"]

1. d4 Nf6 2. Nf3 g6 3. c4 Bg7 4. Nc3 0-0 5. e4 d6 6. Be2 e5 7. 0-0 Nc6 8. d5 Ne7 9. b4 a5 10. bxa5 c5 11. dxc6 bxc6 12. Qd3 Ba6 13. Rd1 d5 14. Qc2 Qxa5 15. Bd2 Qc7 16. Rac1 d4 17. Na4 c5 18. Ne1 Bb7 19. f3 Nd7 20. Rb1 Bc6 21. Nb2 Rxa2 22. Qb3 Rfa8 23. Nc2 R2a7 24. Qd3 Qb8 25. Ne1 Rb7 26. Bc1 Ra2 0-1